000 01197nam a22003497a 4500
003 CHAP
005 20220329135843.0
008 971013s1991 r 00010 d
010 _a43343
011 _a44315
035 _a48453
040 _cCHAP
082 _a635.9523
_bH3
100 0 0 _aHarding, John
_eed.
_952649
245 _aGenetics and breeding of ornamental species
260 _aDordrecht, The Netherlands :
_bKluwer,
_c1991
300 _a429 p.
_b: ilus.
490 _aCurrent plant science and biotechnology in agriculture
_v; 11
590 _aBATCH-UPD
_b10
_c20130110
_lUCH01
_h0228
590 _aBATCH-UPD
_b10
_c20130110
_lUCH01
_h1307
590 _aBATCH-UPD
_b10
_c20130409
_lUCH01
_h2251
590 _aBATCH-UPD
_b10
_c20130914
_lUCH01
_h1417
590 _aCONVERSION
_b10
_c20130109
_lUCH01
_h1324
650 1 4 _aFlores
_xGenética.
_941380
650 1 4 _aFlores
_xMejoramiento.
_941387
700 0 _aMol, J. N. M.
_eed.
_977312
700 0 _aSingh, F.
_eed.
_9106606
830 0 _aCurrent plant science and biotechnology in agriculture
_v; 11
_930540
901 _aBK
942 _cLIBRO
949 _a635.9523 H3
_bBC
_cLIBRO
_d33724000009379
_eLIBRO
_gI.179392
_h89062
_i48453
_si
_t545.00
999 _c43343
_d43343